Normal view
MARC view
Entry Personal Name
001 - CONTROL NUMBER
- control field: 59313
003 - CONTROL NUMBER IDENTIFIER
- control field: dpl
005 - DATE AND TIME OF LATEST TRANSACTION
- control field: 20231201123437.0
008 - FIXED-LENGTH DATA ELEMENTS
- fixed length control field: 231201|| aca||aabn | a|a d
040 ## - CATALOGING SOURCE
- Original cataloging agency: dpl
- Transcribing agency: dpl
100 ## - HEADING--PERSONAL NAME
- Personal name: Narula,Subash C
670 ## - SOURCE DATA FOUND
- Source citation: Work cat.: (dpl)196755: Narula,Subash C, Damyanti:
